<?xml version="1.0" encoding="UTF-8"?>
<collection xmlns="http://www.loc.gov/MARC21/slim">
 <record>
  <leader>00955nam a2200205 a 4500</leader>
  <controlfield tag="001">1/45956</controlfield>
  <controlfield tag="008">150901s1935    gr            00010 gre  </controlfield>
  <datafield tag="035" ind1=" " ind2=" ">
   <subfield code="l">48927</subfield>
  </datafield>
  <datafield tag="040" ind1=" " ind2=" ">
   <subfield code="a">GR-PeUP</subfield>
  </datafield>
  <datafield tag="082" ind1="0" ind2="0">
   <subfield code="a">332.1 ΣΠΟ</subfield>
  </datafield>
  <datafield tag="100" ind1="1" ind2=" ">
   <subfield code="a">Σπουργίτης, Αναστάσιος Ν.,</subfield>
   <subfield code="d">1866-1942.</subfield>
  </datafield>
  <datafield tag="245" ind1="1" ind2="0">
   <subfield code="a">Τραπεζιτική οικονομική :</subfield>
   <subfield code="b">ως διδάσκεται εν τη Α.Σ.Ο.&amp;.Ε.Ε. /</subfield>
   <subfield code="c">Αναστάσιος Ν. Σπουργίτης.</subfield>
  </datafield>
  <datafield tag="260" ind1="0" ind2=" ">
   <subfield code="a">Αθήναι :</subfield>
   <subfield code="b">Λιθογραφείον Β. Α. Πετρή,</subfield>
   <subfield code="c">1935.</subfield>
  </datafield>
  <datafield tag="300" ind1=" " ind2=" ">
   <subfield code="a">254 σ. ;</subfield>
   <subfield code="c">23 εκ.</subfield>
  </datafield>
  <datafield tag="508" ind1=" " ind2=" ">
   <subfield code="a">Αναπαραγωγή του χειρογράφου.</subfield>
  </datafield>
  <datafield tag="650" ind1=" " ind2="4">
   <subfield code="a">Τραπεζική οικονομική.</subfield>
  </datafield>
  <datafield tag="650" ind1=" " ind2="4">
   <subfield code="a">Τράπεζες και τραπεζικές εργασίες</subfield>
   <subfield code="y">1914-1940.</subfield>
  </datafield>
  <datafield tag="650" ind1=" " ind2="4">
   <subfield code="a">Banks and banking.</subfield>
  </datafield>
  <datafield tag="650" ind1=" " ind2="4">
   <subfield code="a">Banking and finance.</subfield>
  </datafield>
  <datafield tag="852" ind1=" " ind2=" ">
   <subfield code="a">INST</subfield>
   <subfield code="b">UNIPILB</subfield>
   <subfield code="c">MAIN</subfield>
   <subfield code="e">20150901</subfield>
   <subfield code="h">332.1 ΣΠΟ</subfield>
   <subfield code="p">00173953</subfield>
   <subfield code="q">00173953</subfield>
   <subfield code="t">CLOCOL</subfield>
   <subfield code="y">23</subfield>
   <subfield code="4">1</subfield>
  </datafield>
 </record>
</collection>
